[Event "Polanica Zdroj op 60th"]
[Site "Polanica Zdroj"]
[Date "2024.08.23"]
[Round "7"]
[White "Rzenca, Jerzy"]
[Black "Ochedzan, Filip"]
[Result "0-1"]
[WhiteElo "1910"]
[BlackElo "1993"]
[PlyCount "62"]
[EventDate "2024.08.17"]
[EventType "swiss"]
[EventRounds "9"]
[EventCountry "POL"]
[SourceTitle "CBM 221 Extra"]
[Source "ChessBase"]
[SourceDate "2024.09.30"]
[SourceVersion "1"]
[SourceVersionDate "2024.09.30"]
[SourceQuality "1"]

1. e4 c5 2. Nf3 d6 3. Bb5+ Nd7 4. c3 Ngf6 5. Qe2 a6 6. Ba4 b5 7. Bc2 e5 8. d4 cxd4 9. cxd4 Be7 10. 0-0 0-0 11. Rd1 Qc7 12. Bg5 h6 13. Bh4 Bb7 14. Na3 Rfe8 15. Rac1 Qb6 16. dxe5 dxe5 17. Bxf6 Nxf6 18. Nb1 Bc5 19. h3 Nh5 20. Nc3 Nf4 21. Qf1 Qg6 22. Kh1 Qh5 23. Ne2 Nxh3 24. gxh3 Qxf3+ 25. Kg1 Re6 26. Rd3 Rg6+ 27. Kh2 Qxf2+ 28. Qxf2 Bxf2 29. Rd7 Bc6 30. Rc7 Bb6 31. Re7 Kf8 0-1

[Event "Polanica Zdroj op 60th"]
[Site "Polanica Zdroj"]
[Date "2024.08.20"]
[Round "4"]
[White "Majocha, Piotr"]
[Black "Rzenca, Jerzy"]
[Result "1/2-1/2"]
[WhiteElo "2040"]
[BlackElo "1910"]
[PlyCount "36"]
[EventDate "2024.08.17"]
[EventType "swiss"]
[EventRounds "9"]
[EventCountry "POL"]
[SourceTitle "CBM 221 Extra"]
[Source "ChessBase"]
[SourceDate "2024.09.30"]
[SourceVersion "1"]
[SourceVersionDate "2024.09.30"]
[SourceQuality "1"]

1. Nf3 d5 2. e3 Nf6 3. c4 dxc4 4. Bxc4 e6 5. 0-0 c5 6. b3 a6 7. Bb2 b5 8. Be2 Bb7 9. a4 bxa4 10. Rxa4 Be7 11. Qc2 Nbd7 12. Nc3 Nb6 13. Ra2 0-0 14. Rfa1 Nbd5 15. Nxd5 Nxd5 16. Bc3 Nxc3 17. dxc3 Qb6 18. Nd2 Qc6 1/2-1/2

[Event "Polanica Zdroj op 60th"]
[Site "Polanica Zdroj"]
[Date "2024.08.18"]
[Round "2"]
[White "Rozentalis, Eduardas"]
[Black "Rzenca, Jerzy"]
[Result "1-0"]
[WhiteElo "2513"]
[BlackElo "1910"]
[PlyCount "95"]
[EventDate "2024.08.17"]
[EventType "swiss"]
[EventRounds "9"]
[EventCountry "POL"]
[SourceTitle "CBM 221 Extra"]
[Source "ChessBase"]
[SourceDate "2024.09.30"]
[SourceVersion "1"]
[SourceVersionDate "2024.09.30"]
[SourceQuality "1"]

1. e4 c6 2. Nf3 d5 3. d3 dxe4 4. dxe4 Qxd1+ 5. Kxd1 Nf6 6. Nfd2 Be6 7. f3 g6 8. Bc4 Bxc4 9. Nxc4 Bg7 10. a4 0-0 11. Be3 Nfd7 12. c3 Ne5 13. Nxe5 Bxe5 14. Nd2 Nd7 15. Kc2 a5 16. Rhd1 Rfd8 17. h3 Bc7 18. Nc4 Kf8 19. Rd3 Ke8 20. Rad1 b6 21. g4 c5 22. f4 Nf8 23. Na3 Rxd3 24. Rxd3 Rd8 25. Nb5 Rxd3 26. Kxd3 Kd7 27. Kc4 Bd8 28. b4 axb4 29. cxb4 cxb4 30. Kxb4 Kc6 31. Nd4+ Kb7 32. Kb5 Ne6 33. Nxe6 fxe6 34. f5 exf5 35. exf5 gxf5 36. gxf5 Bc7 37. Bf2 h5 38. Be3 Bd8 39. Bg5 Kc7 40. Bf4+ Kb7 41. Kc4 Kc6 42. Bg3 Bc7 43. Bxc7 Kxc7 44. Kd5 h4 45. Ke6 Kd8 46. f6 Ke8 47. fxe7 b5 48. a5 1-0

[Event "Polanica Zdroj op-B 58th"]
[Site "Polanica Zdroj"]
[Date "2022.08.14"]
[Round "2"]
[White "Sypien, Natan"]
[Black "Rzenca, Jerzy"]
[Result "0-1"]
[WhiteElo "1780"]
[BlackElo "1668"]
[PlyCount "54"]
[EventDate "2022.08.13"]
[EventType "swiss"]
[EventRounds "9"]
[EventCountry "POL"]
[SourceTitle "CBM 210 Extra"]
[Source "ChessBase"]
[SourceDate "2022.11.30"]
[SourceVersion "1"]
[SourceVersionDate "2022.11.30"]
[SourceQuality "1"]

1. e4 c6 2. d4 d5 3. Nc3 dxe4 4. Nxe4 Bf5 5. Ng3 Bg6 6. N1e2 e6 7. Nf4 Bd6 8. Ngh5 Bxh5 9. Nxh5 g6 10. Nf4 Qc7 11. g3 Nd7 12. Bg2 Ne7 13. Qe2 0-0-0 14. Bd2 Nf5 15. c3 e5 16. dxe5 Rhe8 17. e6 Nc5 18. 0-0-0 Nxe6 19. Nxe6 Rxe6 20. Qc4 Qb6 21. Bg5 Rde8 22. Rd2 f6 23. Bf4 Bxf4 24. Qxf4 Qa6 25. b3 Qa3+ 26. Kb1 Re1+ 27. Rd1 R8e2 0-1

[Event "Polanica Zdroj op-B 58th"]
[Site "Polanica Zdroj"]
[Date "2022.08.13"]
[Round "1"]
[White "Rzenca, Jerzy"]
[Black "Rylski, Tadeusz"]
[Result "1-0"]
[WhiteElo "1668"]
[BlackElo "1794"]
[PlyCount "87"]
[EventDate "2022.08.13"]
[EventType "swiss"]
[EventRounds "9"]
[EventCountry "POL"]
[SourceTitle "CBM 210 Extra"]
[Source "ChessBase"]
[SourceDate "2022.11.30"]
[SourceVersion "1"]
[SourceVersionDate "2022.11.30"]
[SourceQuality "1"]

1. c4 e5 2. g3 Nf6 3. Bg2 d5 4. cxd5 Nxd5 5. Nf3 Nc6 6. Nc3 Nb6 7. d3 Be7 8. 0-0 0-0 9. a3 Be6 10. b4 Nd5 11. Ne4 Kh8 12. Bb2 f6 13. Rc1 Qd7 14. Nc5 Bxc5 15. Rxc5 Rad8 16. Nd2 b6 17. Rc2 Nd4 18. Bxd4 exd4 19. Qc1 Nc3 20. Ne4 Bb3 21. Rb2 Nxe4 22. Bxe4 Ba4 23. Qf4 g5 24. Qf5 Qxf5 25. Bxf5 Rde8 26. Rc1 Re5 27. g4 c6 28. Be4 h5 29. h3 hxg4 30. hxg4 Rd8 31. Kg2 Kg7 32. Rbb1 Rd6 33. Rh1 Rxe4 34. dxe4 Bc2 35. Rbc1 Bxe4+ 36. f3 Bg6 37. Rhd1 Bf7 38. Rd3 Rd5 39. Rxc6 Bg6 40. Rc7+ Kf8 41. e4 Rd8 42. Rc4 Ke7 43. Rdxd4 Rxd4 44. Rxd4 1-0

[Event "POL-ch U15 Qual"]
[Site "Jastrzebia Gora"]
[Date "2021.11.21"]
[Round "9"]
[White "Cieply, Krzysztof"]
[Black "Rzenca, Jerzy"]
[Result "0-1"]
[WhiteElo "1487"]
[BlackElo "1568"]
[PlyCount "86"]
[EventDate "2021.11.15"]
[EventType "swiss"]
[EventRounds "9"]
[EventCountry "POL"]
[SourceTitle "EXT 2023"]
[Source "ChessBase"]
[SourceDate "2022.10.05"]
[SourceVersion "1"]
[SourceVersionDate "2022.10.05"]
[SourceQuality "1"]

1. d4 d5 2. Bf4 Nf6 3. e3 c5 4. c3 Nc6 5. Nf3 Qb6 6. Qb3 c4 7. Qc2 Bf5 8. Qc1 h6 9. h3 e6 10. Be2 Be7 11. 0-0 g5 12. Bh2 g4 13. hxg4 Bxg4 14. Nbd2 h5 15. b3 cxb3 16. axb3 Rg8 17. Kh1 Ne4 18. Bd1 h4 19. Nxe4 dxe4 20. Ne5 Bf5 21. Nxc6 Qxc6 22. c4 h3 23. g4 Bxg4 24. Bxg4 Rxg4 25. Rg1 Rg2 26. Qf1 a6 27. Rxg2 hxg2+ 28. Qxg2 0-0-0 29. d5 exd5 30. cxd5 Rxd5 31. Qg8+ Kd7 32. Qxf7 Qe6 33. Qxe6+ Kxe6 34. Kg2 Rb5 35. Rb1 a5 36. f3 exf3+ 37. Kxf3 a4 38. Ra1 a3 39. Bc7 Rxb3 40. Ba5 Bf6 41. Ra2 Bb2 42. Ke2 Kd5 43. Bd2 Ke5 0-1

[Event "POL-ch U15 Qual"]
[Site "Jastrzebia Gora"]
[Date "2021.11.18"]
[Round "6"]
[White "Rzenca, Jerzy"]
[Black "Dembicki, Karol"]
[Result "1-0"]
[WhiteElo "1568"]
[BlackElo "1380"]
[PlyCount "65"]
[EventDate "2021.11.15"]
[EventType "swiss"]
[EventRounds "9"]
[EventCountry "POL"]
[SourceTitle "EXT 2023"]
[Source "ChessBase"]
[SourceDate "2022.10.05"]
[SourceVersion "1"]
[SourceVersionDate "2022.10.05"]
[SourceQuality "1"]

1. e4 c5 2. Nc3 e6 3. f4 Be7 4. Nf3 a6 5. g3 b5 6. Bg2 Bb7 7. d3 d6 8. 0-0 Nf6 9. Nh4 d5 10. f5 d4 11. Ne2 Qc7 12. fxe6 fxe6 13. Nf4 Qb6 14. Nh5 0-0 15. Bg5 Nbd7 16. Nxf6+ Bxf6 17. Qh5 Bxg5 18. Qxg5 Rf6 19. Rxf6 Nxf6 20. Rf1 Rf8 21. Bh3 Bc8 22. Ng2 Qc7 23. Nf4 e5 24. Bxc8 exf4 25. Be6+ Kh8 26. Rxf4 c4 27. e5 h6 28. Qf5 Nd7 29. Qe4 Rxf4 30. gxf4 Nc5 31. Qa8+ Kh7 32. Qg8+ Kg6 33. Qe8+ 1-0

[Event "Warsaw Najdorf Memorial op-B"]
[Site "Warsaw"]
[Date "2021.07.18"]
[Round "9"]
[White "Smetek, Michal"]
[Black "Rzenca, Jerzy"]
[Result "1-0"]
[WhiteElo "1315"]
[BlackElo "1569"]
[PlyCount "51"]
[EventDate "2021.07.10"]
[EventType "swiss"]
[EventRounds "9"]
[EventCountry "POL"]
[SourceTitle "EXT 2022"]
[Source "ChessBase"]
[SourceDate "2021.10.06"]
[SourceVersion "1"]
[SourceVersionDate "2021.10.06"]
[SourceQuality "1"]

1. d4 d5 2. c4 c6 3. Nf3 Nf6 4. Nc3 dxc4 5. a4 Bf5 6. Ne5 Nbd7 7. Nxc4 Nb6 8. Ne5 Nfd7 9. e4 Nxe5 10. exf5 Ned7 11. a5 Nc8 12. g3 a6 13. d5 c5 14. Bg2 Nd6 15. 0-0 Nxf5 16. Re1 Nf6 17. Bf4 Ra7 18. Qa4+ Nd7 19. d6 e6 20. Rad1 g5 21. Nd5 Bxd6 22. Bxd6 Nxd6 23. Nb6 Ke7 24. Rxd6 Kxd6 25. Rd1+ Ke5 26. Nxd7+ 1-0

[Event "Warsaw Najdorf Memorial op-B"]
[Site "Warsaw"]
[Date "2021.07.15"]
[Round "6"]
[White "Rzenca, Jerzy"]
[Black "Olszewski, Antoni"]
[Result "1-0"]
[WhiteElo "1569"]
[BlackElo "1410"]
[PlyCount "59"]
[EventDate "2021.07.10"]
[EventType "swiss"]
[EventRounds "9"]
[EventCountry "POL"]
[SourceTitle "EXT 2022"]
[Source "ChessBase"]
[SourceDate "2021.10.06"]
[SourceVersion "1"]
[SourceVersionDate "2021.10.06"]
[SourceQuality "1"]

1. e4 c5 2. Nc3 e6 3. f4 Nc6 4. Nf3 d5 5. Bb5 a6 6. Bxc6+ bxc6 7. d3 Nf6 8. 0-0 Be7 9. Qe1 0-0 10. Na4 Bb7 11. c4 Qc7 12. b3 Nd7 13. e5 f6 14. Bb2 d4 15. Ba3 Rf7 16. exf6 Rxf6 17. Nxd4 e5 18. fxe5 Nxe5 19. Nf5 Raf8 20. Nxe7+ Qxe7 21. Rxf6 Qxf6 22. Nxc5 Qg5 23. Kh1 Qf5 24. d4 Nd3 25. Nxd3 Qxd3 26. Qe6+ Kh8 27. Bxf8 Qxd4 28. Rf1 Qd3 29. Bxg7+ Kxg7 30. Rf7+ 1-0

[Event "Polanica Zdroj op-E 56th"]
[Site "Polanica Zdroj"]
[Date "2020.08.22"]
[Round "8"]
[White "Doskocz, Karol"]
[Black "Rzenca, Jerzy"]
[Result "1/2-1/2"]
[WhiteElo "1414"]
[BlackElo "1619"]
[PlyCount "63"]
[EventDate "2020.08.15"]
[EventType "swiss"]
[EventRounds "9"]
[EventCountry "POL"]
[SourceTitle "CBM 198 Extra"]
[Source "ChessBase"]
[SourceDate "2020.11.30"]
[SourceVersion "1"]
[SourceVersionDate "2020.11.30"]
[SourceQuality "1"]

1. c4 c6 2. d4 d5 3. Nc3 dxc4 4. a4 Nf6 5. e4 e5 6. dxe5 Qxd1+ 7. Kxd1 Ng4 8. Nh3 Nxe5 9. f4 Bg4+ 10. Kc2 Nd3 11. Bxd3 cxd3+ 12. Kxd3 Na6 13. Kc2 Nb4+ 14. Kb1 Be6 15. Be3 Bb3 16. Rc1 Nd3 17. Rg1 Bb4 18. Nf2 Nxf2 19. Bxf2 0-0 20. Na2 Bd2 21. Nc1 Bc4 22. g3 Rfd8 23. b3 Bxc1 24. bxc4 Bd2 25. Kc2 Bb4 26. Rgd1 b6 27. Rab1 c5 28. Rd5 Kf8 29. Rbd1 Ke7 30. g4 Rxd5 31. exd5 Re8 32. Kd3 1/2-1/2

[Event "Polanica Zdroj op-E 56th"]
[Site "Polanica Zdroj"]
[Date "2020.08.19"]
[Round "5"]
[White "Rzenca, Jerzy"]
[Black "Kopaczewski, Zbigniew"]
[Result "1-0"]
[WhiteElo "1619"]
[BlackElo "1464"]
[PlyCount "85"]
[EventDate "2020.08.15"]
[EventType "swiss"]
[EventRounds "9"]
[EventCountry "POL"]
[SourceTitle "CBM 198 Extra"]
[Source "ChessBase"]
[SourceDate "2020.11.30"]
[SourceVersion "1"]
[SourceVersionDate "2020.11.30"]
[SourceQuality "1"]

1. e4 e6 2. d4 d5 3. Nd2 c5 4. Ngf3 cxd4 5. Nxd4 a6 6. exd5 Qxd5 7. Nc4 Nd7 8. Be2 Ngf6 9. 0-0 Bc5 10. Nb3 Be7 11. Bf4 0-0 12. Nd6 Qxd1 13. Rfxd1 Nd5 14. Bg3 b5 15. a4 b4 16. Bf3 N7f6 17. Nxc8 Raxc8 18. Rac1 g5 19. h3 Rfd8 20. a5 Kg7 21. Rd2 h5 22. Be5 Kg6 23. Be2 Ra8 24. Rcd1 Rdc8 25. Bf3 Ra7 26. Bd4 Rac7 27. Be2 Rc6 28. Be5 Nd7 29. Bh2 f5 30. Nd4 Rc5 31. Bxa6 Ra8 32. Bb7 Rcxa5 33. Nxe6 N5b6 34. Bxa8 Rxa8 35. Bd6 Bf6 36. Bxb4 Ne5 37. b3 g4 38. Nf4+ Kg5 39. h4+ Kxh4 40. Rd6 Ned7 41. Nd5 Be5 42. Rxb6 Nxb6 43. Be7+ 1-0

[Event "Polanica Zdroj op-E 56th"]
[Site "Polanica Zdroj"]
[Date "2020.08.15"]
[Round "1"]
[White "Rzenca, Jerzy"]
[Black "Para, Aleksandra"]
[Result "1-0"]
[WhiteElo "1619"]
[BlackElo "1182"]
[PlyCount "76"]
[EventDate "2020.08.15"]
[EventType "swiss"]
[EventRounds "9"]
[EventCountry "POL"]
[SourceTitle "CBM 198 Extra"]
[Source "ChessBase"]
[SourceDate "2020.11.30"]
[SourceVersion "1"]
[SourceVersionDate "2020.11.30"]
[SourceQuality "1"]

1. e4 c5 2. Nc3 d6 3. f4 e6 4. Nf3 Nf6 5. Bb5+ Bd7 6. Bxd7+ Nbxd7 7. d3 a6 8. 0-0 Be7 9. h3 b5 10. Bd2 Nb6 11. a3 0-0 12. g4 d5 13. e5 Nfd7 14. g5 d4 15. Ne4 Nd5 16. Qe1 Re8 17. Qg3 Rc8 18. Nf6+ N7xf6 19. gxf6 Bf8 20. Kh2 g6 21. Rg1 Kh8 22. Ng5 Qd7 23. Rg2 c4 24. Rag1 c3 25. Qh4 h6 26. bxc3 dxc3 27. Bc1 a5 28. f5 exf5 29. Nxf7+ Qxf7 30. Bxh6 Bxh6 31. Rxg6 Rc7 32. Rxh6+ Qh7 33. Rg7 Rxg7 34. fxg7+ Kxg7 35. Rxh7+ Kg8 36. Rh8+ Kf7 37. Qh7+ Ke6 38. Rxe8+ Ne7 1-0